Statistics for International Flights from Iran

Click here to take the quiz!

General Stats

  • This quiz has been taken 238 times
    (103 since last reset)
  • The average score is 33 of 91

Answer Stats

% Correct
Dubai
88%
Istanbul
87%
Tehran
87%
Moscow
83%
London
82%
Baghdad
81%
Paris
79%
Doha
78%
Baku
76%
Ankara
74%
Mumbai
73%
Athens
70%
Kabul
70%
Kuwait City
70%
Karachi
69%
Jeddah
68%
Beirut
67%
Yerevan
67%
Rome
66%
Muscat
62%
Madrid
61%
Tbilisi
61%
Frankfurt
60%
Damascus
59%
Lahore
58%
Saint Petersburg
58%
Vienna
58%
Isfahan
56%
Amsterdam
53%
Milan
53%
Mashhad
52%
Shiraz
52%
Barcelona
50%
Medina
50%
Stockholm
50%
Tabriz
49%
Bangkok
47%
Kuala Lumpur
47%
Almaty
44%
Izmir
44%
Antalya
39%
Basra
38%
Dushanbe
36%
Casablanca
32%
Bandar Abbas
29%
Kerman
26%
Adana
24%
Ahvaz
24%
Hamburg
24%
Qeshm
23%
Belgrade
22%
Sharjah
22%
Yazd
22%
Zahedan
21%
Colombo
20%
Kermanshah
19%
Kish
19%
Batumi
18%
Kazan
18%
Marrakesh
18%
Najaf
18%
Van
18%
Düsseldorf
17%
Rasht
17%
Guangzhou
16%
Larnaca
16%
Ardabil
14%
Caracas
13%
Urmia
13%
Abadan
11%
Cologne/Bonn
11%
Gorgan
10%
Sari
10%
Birjand
9%
Denpasar
9%
Arak
8%
Bushehr
8%
Phuket
8%
Gothenburg
7%
Ilam
7%
Hamadan
6%
Chabahar/Konarak
4%
Lamerd
3%
Port Louis
3%
Sulaimaniyah
3%
Isparta
2%
Asalouyeh
1%
Dabolim
1%
Denizli
1%
Larestan
1%
Nasiriyah
1%

Score Distribution

Percentile by Number Answered

Percent of People with Each Score

Your Score History

You have not taken this quiz since the last reset